Russian... or Greek Letter? - Statistics

General Stats
  • This quiz has been taken 35 times
  • The average score is 7 of 10
Answer Stats
Question Answer % Correct
Ω Greek
100%
Д Russian
97%
И Russian
91%
Ш Russian
82%
Ξ Greek
79%
Ж Russian
79%
М Both
58%
П Both
48%
Ζ Greek
42%
Г Both
36%
No matching quizzes found
Score Distribution
Percent of People with Each Score
Percentile by Number Answered
Your Score History
You have not taken this quiz